LDR 01013naa#a2200217#i#450# 001 RU\\bibl\115322 005 20260417091834.5 011 ## _a2071-7318 100 ## _a20260409b2026####ek#y0rusy0150####ca 102 ## _aRU 200 1# _aИСПОЛЬЗОВАНИЕ ОРТОГОНАЛЬНОЙ МАТРИЦЫ ТАГУЧИ ПРИ ОПТИМИЗАЦИИ СОСТАВА ОРГАНОМИНЕРАЛЬНОГО КОМПОЗИТА _eЖурнальная статья 210 1# _aБелгород _cБелгородский государственный технологический университет им. В.Г. Шухова _d2026 215 ## _a8 с. 608 ## _aЖурнальная статья _2local 675 ## _aГрунтоматериалы. Кирпич-сырец. Саман. 691.41 _z 700 #1 _aБеляев _gА. О. 700 #1 _aДанилов _gВ. Е. 700 #1 _aКапустин _gС. Н. 700 #1 _aАйзенштадт _gА. М. 700 #1 _aТретьяков _gМ. Р. 856 4# _abulletinbstu.editorum.ru _u